Racing Games and Licensed Music - Statistics

General Stats
  • This quiz has been taken 22 times
  • The average score is 6 of 20
Answer Stats
Song Artist Game Release Year % Correct
Formula 1 Theme Brian Tyler F1 '23 2023
86%
Paradise City Guns 'n' Roses Burnout Paradise (also Remastered) 2008 (2018)
67%
Riders on the Storm Snoop Dogg ft. The Doors Need for Speed: Underground 2 2004
67%
Oh Yeah Yello Gran Turismo 4 2004
57%
Real Big Mannie Fresh Midnight Club 3 2005
48%
Lazy Generation The F-Ups Burnout 3: Takedown 2004
38%
Hey Boy, Hey Girl The Chemical Brothers Forza Horizon 2012
38%
I Can See For Miles Surfing the Apocalypse Forza Horizon 4 2018
38%
In Cold Blood (Baauer Remix) alt-J Forza Motorsport 7 2017
29%
Edge of the Earth 30 Seconds to Mars Need for Speed: Most Wanted 2012
29%
Demon Speeding Rob Zombie FlatOut 2 2006
24%
Signs of Life Every Move a Picture Need for Speed: Carbon 2006
24%
Freeline Borderland Forza Motorsport 3 2009
19%
Rock Steady (Alternate Mix) Aretha Franklin Driver: San Francisco 2011
14%
F.E.A.R (UNKLE Remix) Ian Brown, James Lavelle F1 2010 2010
14%
Signs of Life Every Move a Picture Juiced 2005
14%
Howl Elderbrook, Tourist EA Sports WRC 2023
10%
Crevasse The Qemists ONRUSH 2018
5%
Good Times Roll Griz ft Big Gigantic Rocket League 2015
5%
Electromechanics (Piano Version) Globalix Wreckfest / Next Car Game 2017
5%
No matching quizzes found
Score Distribution
Percent of People with Each Score
Percentile by Number Answered
Your Score History
You have not taken this quiz